Aprender Francés días y meses - Estadísticas

Estadísticas generales
  • Esta prueba ha sido intentada 13 veces
  • La puntuación promedio es 16 de 19
Estadísticas de respuestas
Español Francés % Correcto
Domingo Dimanche
100%
Jueves Jeudi
100%
Lunes Lundi
100%
Martes Mardi
100%
Miércoles Mercredi
100%
Viernes Vendredi
100%
Sábado Samedi
92%
Abril Avril
83%
Diciembre Décembre
83%
Enero Janvier
83%
Mayo Mai
83%
Noviembre Novembre
83%
Octubre Octobre
83%
Septiembre Septembre
83%
Febrero Février
75%
Marzo Mars
75%
Agosto Août
67%
Julio Juillet
50%
Junio Juin
50%
No se encontraron pruebas coincidentes
Distribución de puntuación
Porcentaje de gente con cada puntuación
Porcentaje por número respondido
Historial de tus puntuaciones
No has intentado esta prueba.